LEADER 00976nam a2200241 u 4500 001 000000061755 003 CaOOAMICUS 005 20070226121047.0 008 010912s1961 it u000 u ita u 035 $a10902581 040 $aPUL(R)$bita 100 1 $aQuarta, Giuseppe.$0(OLS)http://pul/name/32190 245 10$aKarl Marx e il concetto di classe sociale /$cGiuseppe Quarta, Luigi Cipriani. 260 $aRoma :$bSoc. Ed. Nazionale,$c1961. 300 $a253 p. ;$c21 cm 504 $aBibliografia: p. [243]-253. 600 14$aMarx, Karl,$d1818-1883$xFilosofia.$0(OLS)http://pul/subject/9745 850 $aPUL 852 $aPUL$W1$xDP1 Cons. Gen., Altre Classi 1$y22$m45 C 26$j80403$nBK-PRI$b $qStampati$B80403$CPULBib$Z2$F80403 $H $81 941 1 $a8 961 $aINV: 33803 996 $6245$aKarl Marx e il concetto di classe sociale$9(OLS)http://pul/title/82437 996 $6260$aRoma :$bSoc. Ed. Nazionale$9(OLS)http://pul/publisher/70166 LEADER 01346nam a2200301 a 4500 001 000000137193 003 CaOOAMICUS 005 20140129131037.0 008 140129s2010 gw a 000 u ger r 020 $z9783110218749* 040 $aPUL$bita 041 0 $ager$aeng$afre$aita 245 00$a1308 :$beine Topographie historischer Gleichzeitigkeit /$cherausgegeben von Andreas Speer und David Wirmer. 260 $aBerlin ;$aNew York :$bDe Gruyter,$cİ2010. 300 $aXXV, 1023 p. :$bill. ;$c25 cm 490 1 $aMiscellanea mediaevalia ;$v035 546 $aContributi in tedesco, inglese, francese e italiano. 651 4$aEuropa$xVita artistica e culturale$ySec. XIV.$0(OLS)http://pul/subject/40006 700 1 $aSpeer, Andreas,$c1957-$0(OLS)http://pul/name/6518 700 1 $aWirmer, David.$0(OLS)http://pul/name/68150 830 0$aMiscellanea mediaevalia ;$v035.$0(OLS)http://pul/title/407 850 $aPUL 852 $aPUL$W1$xSL Filosofia 1$y2$m105(1) F 35$j158198$qStampati$B157666$CPULBib$Z2$F157666 $H123367 $82 941 1 $a8 996 $6020$z9783110218749*$9(OLS)http://pul/number/154384 996 $6245$a1308 :$beine Topographie historischer Gleichzeitigkeit$9(OLS)http://pul/title/173678 996 $6260$aBerlin ;$aNew York :$bDe Gruyter$9(OLS)http://pul/publisher/60281